Sexuality in the New Testament : (Record no. 8566)
[ view plain ]
| 000 -LEADER | |
|---|---|
| fixed length control field | 01296nam a22002657a 4500 |
| 003 - CONTROL NUMBER IDENTIFIER | |
| control field | GBCCL |
| 005 - DATE AND TIME OF LATEST TRANSACTION | |
| control field | 20241126110653.0 |
| 008 - FIXED-LENGTH DATA ELEMENTS--GENERAL INFORMATION | |
| fixed length control field | 210408b ||||| |||| 00| 0 eng d |
| 020 ## - INTERNATIONAL STANDARD BOOK NUMBER | |
| International Standard Book Number | 0281058849 |
| 020 ## - INTERNATIONAL STANDARD BOOK NUMBER | |
| International Standard Book Number | 9780281058846 |
| 020 ## - INTERNATIONAL STANDARD BOOK NUMBER | |
| International Standard Book Number | 0664231616 |
| 020 ## - INTERNATIONAL STANDARD BOOK NUMBER | |
| International Standard Book Number | 9780664231613 |
| 040 ## - CATALOGING SOURCE | |
| Transcribing agency | GBC |
| 082 ## - DEWEY DECIMAL CLASSIFICATION NUMBER | |
| Classification number | 225.831 |
| Item number | LOA |
| 100 ## - MAIN ENTRY--PERSONAL NAME | |
| Personal name | Loader, William |
| 9 (RLIN) | 15100 |
| 245 ## - TITLE STATEMENT | |
| Title | Sexuality in the New Testament : |
| Remainder of title | Understanding the key texts / |
| Statement of responsibility, etc. | William Loader. |
| 260 ## - PUBLICATION, DISTRIBUTION, ETC. | |
| Place of publication, distribution, etc. | London : |
| Name of publisher, distributor, etc. | SPCK, |
| Date of publication, distribution, etc. | 2010 |
| 300 ## - PHYSICAL DESCRIPTION | |
| Extent | viii, 166 pages ; |
| Dimensions | 22 cm |
| 505 ## - FORMATTED CONTENTS NOTE | |
| Formatted contents note | Engaging the far and the near : where to begin --<br/>'With a man as a woman' --<br/>Model marriage and the household --<br/>Adultery, attitude and disorder --<br/>Divorce and remarriage --<br/>Has sex a future? The question of celibacy --<br/>Conclusion : 'sex on the brain'? Love and hope. |
| 505 ## - FORMATTED CONTENTS NOTE | |
| Formatted contents note | Because the New Testament was written in a distant social, cultural and religious setting, interpreters often find themselves embroiled in heated conflict over meaning and application. No more so than in the field of sexuality and sexual ethics. |
| 650 ## - SUBJECT ADDED ENTRY--TOPICAL TERM | |
| Topical term or geographic name entry element | Bible. |
| Form subdivision | New Testament |
| General subdivision | Criticism, interpretation, etc. |
| 9 (RLIN) | 11541 |
| 650 ## - SUBJECT ADDED ENTRY--TOPICAL TERM | |
| Topical term or geographic name entry element | Sex |
| Form subdivision | Religious aspects |
| General subdivision | Christianity. |
| 9 (RLIN) | 12753 |
| 650 ## - SUBJECT ADDED ENTRY--TOPICAL TERM | |
| Topical term or geographic name entry element | Sex in the Bible. |
| 9 (RLIN) | 15101 |
| 942 ## - ADDED ENTRY ELEMENTS (KOHA) | |
| Source of classification or shelving scheme | Dewey Decimal Classification |
| Koha item type | Books |
| Koha issues (borrowed), all copies | 6 |
| Withdrawn status | Lost status | Source of classification or shelving scheme | Damaged status | Not for loan | Home library | Current Library | Shelving location | Date acquired | Total checkouts | Full call number | Barcode | Date last seen | Date last checked out | Copy number | Price effective from | Koha item type |
|---|---|---|---|---|---|---|---|---|---|---|---|---|---|---|---|---|
| Dewey Decimal Classification | GRACE BIBLE COLLEGE | GRACE BIBLE COLLEGE | Biblical Studies | 2021-04-08 | 4 | 225.831 LOA | 020204 | 2025-05-01 | 2024-07-16 | c.2 | 2021-04-08 | Books | ||||
| Dewey Decimal Classification | GRACE BIBLE COLLEGE | GRACE BIBLE COLLEGE | Biblical Studies | 2021-04-08 | 2 | 225.831 LOA | 020203 | 2025-05-01 | 2024-07-16 | c.1 | 2021-04-08 | Books |